Combien de ville de l'Oise (60) connais-tu ? - Statistiques

Statistiques générales
  • Ce quiz a été pris 58 fois
  • Le résultat moyen est 36 sur 679
Statistiques - réponses
Code postal Ville % Correct
60022 Beauvais
86%
60000 Creil
86%
60500 Chantilly
66%
60200 Compiègne
64%
60180 Nogent-sur-Oise
60%
60300 Senlis
60%
60600 Clermont
58%
60762 Montataire
50%
60400 Ville
48%
60270 Gouvieux
44%
60700 Pont-Sainte-Maxence
44%
60130 Saint-Just-en-Chaussée
44%
60740 Saint-Maximin
42%
60290 Laigneville
40%
60350 Pierrefonds
38%
60310 Amy
36%
60840 Breuil-le-Sec
36%
60600 Breuil-le-Vert
36%
60140 Liancourt
36%
60260 Lamorlaye
34%
60110 Méru
34%
60250 Mouy
34%
60400 Noyon
34%
60600 Fitz-James
32%
60560 Orry-la-Ville
32%
60600 Agnetz
30%
60600 Erquery
30%
60700 Sacy-le-Grand
30%
60281 Margny-lès-Compiègne
28%
60190 Sacy-le-Petit
28%
60250 Bury
26%
60660 Cires-lès-Mello
26%
60700 Fleurines
26%
60550 Verneuil-en-Halatte
26%
60390 Auneuil
24%
60140 Rosoy
24%
60140 Verderonne
24%
60390 Auteuil
22%
60750 Choisy-au-Bac
22%
60650 Saint-Paul
22%
60280 Venette
22%
60940 Angicourt
20%
60120 Breteuil
20%
60230 Chambly
20%
60800 Crépy-en-Valois
20%
60290 Neuilly-sous-Clermont
20%
60430 Abbecourt
18%
60240 Chaumont-en-Vexin
18%
60280 Clairoix
18%
60660 Cramoisy
18%
60880 Jaux
18%
60610 Lacroix-Saint-Ouen
18%
60150 Thourotte
18%
60870 Villers-Saint-Paul
18%
60510 Bresles
16%
60430 Noailles
16%
60128 Plailly
16%
60290 Rantigny
16%
60000 Allonne
14%
60110 Amblainville
14%
60300 Apremont
14%
60410 Verberie
14%
60350 Attichy
12%
60170 Cambronne-lès-Ribécourt
12%
60150 Coudun
12%
60350 Cuise-la-Motte
12%
60880 Le Meux
12%
60150 Longueil-Annel
12%
60150 Montmacq
12%
60490 Ressons-sur-Matz
12%
60153 Rethondes
12%
60350 Saint-Jean-aux-Bois
12%
60350 Vieux-Moulin
12%
60111 Andeville
10%
60540 Belle-Église
10%
60300 Chamant
10%
60710 Chevrières
10%
60138 Chiry-Ourscamp
10%
60157 Élincourt-Sainte-Marguerite
10%
60210 Grandvilliers
10%
60370 Hermes
10%
60150 Le Plessis-Brion
10%
60126 Longueil-Sainte-Marie
10%
60110 Lormaison
10%
60420 Maignelay-Montigny
10%
60840 Nointel
10%
60650 Ons-en-Bray
10%
60170 Pimprez
10%
60700 Pontpoint
10%
60190 Remy
10%
60170 Ribécourt-Dreslincourt
10%
60170 Tracy-le-Mont
10%
60170 Tracy-le-Val
10%
60250 Angy
8%
60320 Béthisy-Saint-Pierre
8%
60620 Betz
8%
60350 Bitry
8%
60540 Bornel
8%
60840 Catenoy
8%
60350 Couloisy
8%
60360 Crèvecœur-le-Grand
8%
60400 Cuts
8%
60110 Esches
8%
60190 Estrées-Saint-Denis
8%
60350 Jaulzy
8%
60650 Lachapelle-aux-Pots
8%
60520 La Chapelle-en-Serval
8%
60310 Lagny
8%
60150 Machemont
8%
60690 Marseille-en-Beauvaisis
8%
60127 Morienval
8%
60530 Neuilly-en-Thelle
8%
60800 Ormoy-Villers
8%
60540 Puiseux-le-Hauberger
8%
60870 Rieux
8%
60340 Saint-Leu-d'Esserent
8%
60320 Saint-Sauveur
8%
60000 Tillé
8%
60950 Ver-sur-Launette
8%
60175 Villeneuve-les-Sablons
8%
60430 Warluis
8%
60162 Antheuil-Portes
6%
60400 Appilly
6%
60880 Armancourt
6%
60890 Autheuil-en-Valois
6%
60000 Aux Marais
6%
60113 Baugy
6%
60320 Béthisy-Saint-Martin
6%
60280 Bienville
6%
60820 Boran-sur-Oise
6%
60130 Bulles
6%
60170 Carlepont
6%
60290 Cauffry
6%
60580 Coye-la-Forêt
6%
60350 Croutoy
6%
60530 Dieudonné
6%
60950 Ermenonville
6%
60330 Ève
6%
60800 Fresnoy-le-Luat
6%
60380 Gerberoy
6%
60190 Gournay-sur-Aronde
6%
60640 Guiscard
6%
60119 Hénonville
6%
60150 Janville
6%
60680 Jonquières
6%
60400 Larbroye
6%
60310 Lassigny
6%
60650 Le Mont-Saint-Adrien
6%
60330 Le Plessis-Belleville
6%
60700 Les Ageux
6%
60150 Mélicocq
6%
60140 Mogneville
6%
60113 Monchy-Humières
6%
60128 Mortefontaine
6%
60440 Nanteuil-le-Haudouin
6%
60320 Néry
6%
60460 Précy-sur-Oise
6%
60810 Raray
6%
60730 Sainte-Geneviève
6%
60350 Saint-Pierre-lès-Bitry
6%
60400 Sempigny
6%
60520 Thiers-sur-Thève
6%
60160 Thiverny
6%
60590 Trie-Château
6%
60350 Trosly-Breuil
6%
60117 Vaumoise
6%
60150 Villers-sur-Coudun
6%
60500 Vineuil-Saint-Firmin
6%
60220 Abancourt
4%
60480 Abbeville-Saint-Lucien
4%
60300 Aumont-en-Halatte
4%
60300 Avilly-Saint-Léonard
4%
60310 Avricourt
4%
60190 Avrigny
4%
60400 Babœuf
4%
60120 Bacouël
4%
60140 Bailleval
4%
60300 Baron
4%
60640 Berlancourt
4%
60350 Berneuil-sur-Aisne
4%
60129 Béthancourt-en-Valois
4%
60650 Blacourt
4%
60190 Blincourt
4%
60440 Boissy-Fresnoy
4%
60123 Bonneuil-en-Valois
4%
60210 Brombos
4%
60400 Caisnes
4%
60680 Canly
4%
60310 Cannectancourt
4%
60310 Canny-sur-Matz
4%
60640 Catigny
4%
60730 Cauvigny
4%
60350 Chelles
4%
60120 Chepoix
4%
60150 Chevincourt
4%
60190 Choisy-la-Victoire
4%
60490 Conchy-les-Pots
4%
60420 Crèvecœur-le-Petit
4%
60112 Crillon
4%
60530 Crouy-en-Thelle
4%
60310 Écuvilly
4%
60530 Ercuis
4%
60620 Étavigny
4%
60600 Étouy
4%
60800 Feigneux
4%
60640 Flavy-le-Meldeux
4%
60300 Fontaine-Chaalis
4%
60640 Fréniches
4%
60310 Fresnières
4%
60530 Fresnoy-en-Thelle
4%
60127 Fresnoy-la-Rivière
4%
60129 Gilocourt
4%
60129 Glaignes
4%
60640 Golancourt
4%
60680 Grandfresnoy
4%
60310 Gury
4%
60650 Hanvoile
4%
60120 Hardivillers
4%
60570 Laboissière-en-Thelle
4%
60390 La Houssoye
4%
60510 La Rue-Saint-Pierre
4%
60850 Le Coudray-Saint-Germer
4%
60530 Le Mesnil-en-Thelle
4%
60640 Le Plessis-Patte-d'Oie
4%
60800 Lévignen
4%
60310 Margny-aux-Cerises
4%
60490 Marquéglise
4%
60660 Mello
4%
60112 Milly-sur-Thérain
4%
60220 Moliens
4%
60290 Monchy-Saint-Éloi
4%
60420 Montgérain
4%
60190 Montmartin
4%
60350 Moulin-sous-Touvent
4%
60190 Moyenneville
4%
60400 Nampcel
4%
60129 Orrouy
4%
60400 Passel
4%
60430 Ponchon
4%
60520 Pontarmé
4%
60400 Pont-l'Évêque
4%
60400 Pontoise-lès-Noyon
4%
60155 Rainvillers
4%
60130 Ravenel
4%
60126 Rivecourt
4%
60510 Rochy-Condé
4%
60810 Rully
4%
60850 Saint-Germer-de-Fly
4%
60410 Saintines
4%
60170 Saint-Léger-aux-Bois
4%
60700 Saint-Martin-Longueau
4%
60210 Saint-Maur
4%
60860 Saint-Omer-en-Chaussée
4%
60660 Saint-Vaast-lès-Mello
4%
60400 Salency
4%
60650 Senantes
4%
60400 Sermaize
4%
60800 Séry-Magneval
4%
60380 Songeons
4%
60400 Suzoy
4%
60310 Thiescourt
4%
60420 Tricot
4%
60112 Troissereux
4%
60790 Valdampierre
4%
60490 Vandélicourt
4%
60400 Varesnes
4%
60120 Vendeuil-Caply
4%
60117 Vez
4%
60410 Villeneuve-sur-Verberie
4%
60340 Villers-sous-Saint-Leu
4%
60620 Acy-en-Multien
2%
60190 Arsy
2%
60350 Autrêches
2%
60130 Avrechy
2%
60190 Bailleul-le-Soc
2%
60810 Barbery
2%
60700 Bazicourt
2%
60210 Beaudéduit
2%
60310 Beaulieu-les-Fontaines
2%
60700 Beaurepaire
2%
60120 Beauvoir
2%
60400 Béhéricourt
2%
60390 Berneuil-en-Bray
2%
60370 Berthecourt
2%
60490 Biermont
2%
60460 Blaincourt-lès-Précy
2%
60120 Blancfossé
2%
60860 Blicourt
2%
60120 Bonneuil-les-Eaux
2%
60112 Bonnières
2%
60300 Borest
2%
60490 Boulogne-la-Grasse
2%
60220 Bouvresse
2%
60113 Braisnes-sur-Aronde
2%
60440 Brégy
2%
60870 Brenouille
2%
60400 Brétigny
2%
60220 Broquiers
2%
60400 Bussy
2%
60640 Campagne
2%
60310 Candor
2%
60190 Cernoy
2%
60240 Chambors
2%
60440 Chèvreville
2%
60940 Cinqueux
2%
60110 Corbeil-Cerf
2%
60120 Cormeilles
2%
60420 Courcelles-Epayelles
2%
60300 Courteuil
2%
60350 Courtieux
2%
60310 Crapeaumesnil
2%
60190 Cressonsacq
2%
60120 Croissy-sur-Celle
2%
60490 Cuvilly
2%
60310 Cuy
2%
60360 Doméliers
2%
60420 Dompierre
2%
60800 Duvy
2%
Élencourt
2%
60123 Éméville
2%
60590 Énencourt-Léage
2%
60190 Épineuse
2%
60380 Ernemont-Boutavent
2%
60650 Espaubourg
2%
60120 Esquennoy
2%
60310 Évricourt
2%
60420 Ferrières
2%
60960 Feuquières
2%
60240 Fleury
2%
60360 Fontaine-Bonneleau
2%
60480 Fontaine-Saint-Lucien
2%
60380 Fontenay-Torcy
2%
60220 Formerie
2%
60190 Fouilleuse
2%
60250 Foulangues
2%
60000 Fouquenies
2%
60510 Fouquerolles
2%
60480 Francastel
2%
60190 Francières
2%
60640 Frétoy-le-Château
2%
60480 Froissy
2%
60400 Genvry
2%
60650 Glatigny
2%
60117 Gondreville
2%
60120 Gouy-les-Groseillers
2%
60400 Grandrû
2%
60480 Guignecourt
2%
60240 Hadancourt-le-Haut-Clocher
2%
60490 Hainvillers
2%
60112 Haucourt
2%
60510 Haudivillers
2%
60210 Hautbos
2%
60350 Hautefontaine
2%
60380 Hécourt
2%
60190 Hémévillers
2%
60250 Hondainville
2%
60710 Houdancourt
2%
60173 Ivry-le-Temple
2%
60240 Jouy-sous-Thelle
2%
60310 Laberlière
2%
60140 Labruyère
2%
60730 Lachapelle-Saint-Pierre
2%
60380 Lachapelle-sous-Gerberoy
2%
Lachaussée-du-Bois-d'Écu
2%
60190 Lachelle
2%
60510 Lafraye
2%
60330 Lagny-le-Sec
2%
60120 La Hérelle
2%
60590 Lalande-en-Son
2%
60510 La Neuville-en-Hez
2%
60190 La Neuville-Roy
2%
60510 Laversines
2%
60240 Lavilletertre
2%
60430 Le Coudray-sur-Thelle
2%
60120 Le Crocq
2%
60420 Léglantiers
2%
60420 Le Ployron
2%
60390 Les Hauts-Talican
2%
60390 Le Vauroux
2%
60240 Liancourt-Saint-Pierre
2%
60640 Libermont
2%
60130 Lieuvillers
2%
60510 Litz
2%
60240 Loconville
2%
60490 Mareuil-la-Motte
2%
60890 Mareuil-sur-Ourcq
2%
60490 Margny-sur-Matz
2%
60660 Maysel
2%
60940 Monceaux
2%
60400 Mondescourt
2%
60950 Montagny-Sainte-Félicité
2%
60119 Monts
2%
60530 Morangles
2%
60570 Mortefontaine-en-Thelle
2%
60490 Mortemer
2%
60250 Mouchy-le-Châtel
2%
60190 Moyvillers
2%
60640 Muirancourt
2%
60190 Neufvy-sur-Aronde
2%
60119 Neuville-Bosc
2%
60510 Nivillers
2%
60730 Novillers
2%
60440 Ognes
2%
60310 Ognolles
2%
60220 Omécourt
2%
60620 Ormoy-le-Davien
2%
60510 Oroër
2%
60490 Orvillers-Sorel
2%
60480 Oursel-Maison
2%
60310 Plessis-de-Roye
2%
60390 Porcheux
2%
60400 Porquéricourt
2%
60190 Pronleroy
2%
60850 Puiseux-en-Bray
2%
60490 Ricquebourg
2%
60410 Roberval
2%
60800 Rocquemont
2%
60800 Rouville
2%
60690 Roy-Boissy
2%
60310 Roye-sur-Matz
2%
60117 Russy-Bémont
2%
60650 Saint-Aubin-en-Bray
2%
60170 Saint-Crépin-aux-Bois
2%
60149 Saint-Crépin-Ibouvillers
2%
60380 Saint-Deniscourt
2%
60480 Sainte-Eusoye
2%
60350 Saint-Étienne-Roilaye
2%
60420 Saint-Martin-aux-Bois
2%
60000 Saint-Martin-le-Nœud
2%
60850 Saint-Pierre-es-Champs
2%
60130 Saint-Remy-en-l'Eau
2%
60410 Saint-Vaast-de-Longmont
2%
60650 Savignies
2%
60330 Silly-le-Long
2%
60510 Therdonne
2%
60480 Thieux
2%
60250 Thury-sous-Clermont
2%
60730 Ully-Saint-Georges
2%
60400 Vauchelles
2%
60117 Vauciennes
2%
60510 Velennes
2%
60112 Verderel-lès-Sauqueuse
2%
60162 Vignemont
2%
60134 Villers-Saint-Sépulcre
2%
60650 Villers-sur-Auchy
2%
60640 Villeselve
2%
60420 Wacquemoulin
2%
60130 Wavignies
2%
60690 Achy
0%
60600 Airion
0%
60130 Angivillers
0%
60250 Ansacq
0%
60120 Ansauvillers
0%
60620 Antilly
0%
60360 Auchy-la-Montagne
0%
60800 Auger-Saint-Vincent
0%
60930 Bailleul-sur-Thérain
0%
60170 Bailly
0%
60250 Balagny-sur-Thérain
0%
60620 Bargny
0%
60380 Bazancourt
0%
60640 Beaugies-sous-Bois
0%
60400 Beaurains-lès-Noyon
0%
60490 Belloy
0%
60220 Blargies
0%
60510 Bonlier
0%
60120 Bonvillers
0%
60240 Boubiers
0%
60240 Bouconvillers
0%
60620 Bouillancy
0%
60620 Boullarre
0%
60141 Boursonne
0%
60240 Boury-en-Vexin
0%
60590 Boutencourt
0%
60810 Brasseuse
0%
60210 Briot
0%
60120 Broyes
0%
60130 Brunvillers-la-Motte
0%
60480 Bucamps
0%
60380 Buicourt
0%
60290 Cambronne-lès-Clermont
0%
60220 Campeaux
0%
60480 Campremy
0%
60220 Canny-sur-Thérain
0%
60360 Catheux
0%
60130 Catillon-Fumechon
0%
60210 Cempuis
0%
60240 Chavençon
0%
60360 Choqueuse-les-Bénards
0%
60420 Coivrel
0%
60360 Conteville
0%
60240 Courcelles-lès-Gisors
0%
60400 Crisolles
0%
60130 Cuignières
0%
60850 Cuigy-en-Bray
0%
60620 Cuvergnon
0%
60210 Daméraucourt
0%
60210 Dargies
0%
60240 Delincourt
0%
60310 Dives
0%
60420 Domfront
0%
60590 Éragny-sur-Epte
0%
60130 Erquinvillers
0%
60380 Escames
0%
60220 Escles-Saint-Pierre
0%
60510 Essuiles
0%
60240 Fay-les-Étangs
0%
60590 Flavacourt
0%
60120 Fléchy
0%
60690 Fontaine-Lavaganne
0%
60220 Fouilloy
0%
60130 Fournival
0%
60240 Fresne-Léguillon
0%
60000 Frocourt
0%
60120 Gannes
0%
60210 Gaudechart
0%
60150 Giraumont
0%
60420 Godenvillers
0%
60000 Goincourt
0%
60220 Gourchelles
0%
60190 Grandvillers-aux-Bois
0%
60380 Grémévillers
0%
60210 Grez
0%
60210 Halloy
0%
60650 Hannaches
0%
60690 Haute-Épine
0%
60250 Heilles
0%
60112 Herchies
0%
60380 Héricourt-sur-Thérain
0%
60360 Hétomesnil
0%
60650 Hodenc-en-Bray
0%
60430 Hodenc-l'Évêque
0%
60141 Ivors
0%
60240 Jaméricourt
0%
60112 Juvignies
0%
60590 Labosse
0%
60240 La Corne-en-Vexin
0%
60790 La Drenne
0%
60850 Lalandelle
0%
60600 Lamécourt
0%
60480 La Neuville-Saint-Pierre
0%
60690 La Neuville-sur-Oudeuil
0%
60490 La Neuville-sur-Ressons
0%
60112 La Neuville-Vault
0%
60220 Lannoy-Cuillère
0%
60490 Lataule
0%
60240 Lattainville
0%
60120 Lavacquerie
0%
60210 Laverrière
0%
60890 La Villeneuve-sous-Thury
0%
60680 Le Fayel
0%
60510 Le Fay-Saint-Quentin
0%
60420 Le Frestoy-Vaux
0%
60360 Le Gallet
0%
60210 Le Hamel
0%
60210 Le Mesnil-Conteville
0%
60120 Le Mesnil-Saint-Firmin
0%
60130 Le Mesnil-sur-Bulles
0%
60240 Le Mesnil-Théribus
0%
60130 Le Plessier-sur-Bulles
0%
60130 Le Plessier-sur-Saint-Just
0%
60480 Le Quesnel-Aubry
0%
60360 Le Saulchoy
0%
60590 Le Vaumain
0%
60650 Lhéraule
0%
60240 Lierville
0%
60360 Lihus
0%
60380 Loueuse
0%
60360 Luchy
0%
60600 Maimbeville
0%
60112 Maisoncelle-Saint-Pierre
0%
60480 Maisoncelle-Tuilerie
0%
60490 Marest-sur-Matz
0%
60890 Marolles
0%
60112 Martincourt
0%
60640 Maucourt
0%
60480 Maulers
0%
60420 Ménévillers
0%
60420 Méry-la-Bataille
0%
60220 Monceaux-l'Abbaye
0%
60240 Monneville
0%
60240 Montagny-en-Vexin
0%
60240 Montchevreuil
0%
60810 Montépilloy
0%
60190 Montiers
0%
60240 Montjavoult
0%
60300 Mont-l'Évêque
0%
60300 Montlognon
0%
60480 Montreuil-sur-Brêche
0%
60134 Montreuil-sur-Thérain
0%
60400 Morlincourt
0%
60380 Morvillers
0%
60120 Mory-Montcrux
0%
60480 Muidorge
0%
60220 Mureaumont
0%
60890 Neufchelles
0%
60480 Noirémont
0%
60130 Noroy
0%
60130 Nourard-le-Franc
0%
60480 Noyers-Saint-Martin
0%
60210 Offoy
0%
60860 Oudeuil
0%
60120 Paillart
0%
60240 Parnes
0%
60440 Péroy-les-Gombries
0%
60112 Pierrefitte-en-Beauvaisis
0%
60860 Pisseleu
0%
60130 Plainval
0%
60120 Plainville
0%
60790 Pouilly
0%
60360 Prévillers
0%
60480 Puits-la-Vallée
0%
60640 Quesmy
0%
60220 Quincampoix-Fleuzy
0%
60130 Quinquempoix
0%
60620 Réez-Fosse-Martin
0%
60240 Reilly
0%
60600 Rémécourt
0%
60510 Rémérangles
0%
60480 Reuil-sur-Brêche
0%
60410 Rhuis
0%
60120 Rocquencourt
0%
60220 Romescamps
0%
60440 Rosières
0%
60620 Rosoy-en-Multien
0%
60360 Rotangy
0%
60690 Rothois
0%
60660 Rousseloy
0%
60190 Rouvillers
0%
60620 Rouvres-en-Multien
0%
60120 Rouvroy-les-Merles
0%
60420 Royaucourt
0%
60420 Sains-Morainvillers
0%
60480 Saint-André-Farivillers
0%
60220 Saint-Arnoult
0%
60600 Saint-Aubin-sous-Erquery
0%
60370 Saint-Félix
0%
60650 Saint-Germain-la-Poterie
0%
60155 Saint-Léger-en-Bray
0%
60380 Saint-Quentin-des-Prés
0%
60220 Saint-Samson-la-Poterie
0%
60430 Saint-Sulpice
0%
60210 Saint-Thibault
0%
60220 Saint-Valery
0%
60210 Sarcus
0%
60210 Sarnois
0%
60240 Senots
0%
60240 Serans
0%
60120 Sérévillers
0%
60590 Sérifontaine
0%
60430 Silly-Tillard
0%
60310 Solente
0%
60210 Sommereux
0%
60380 Sully
0%
60590 Talmontiers
0%
60120 Tartigny
0%
60380 Thérines
0%
60240 Thibivillers
0%
60210 Thieuloy-Saint-Antoine
0%
60890 Thury-en-Valois
0%
60240 Tourly
0%
60590 Trie-la-Ville
0%
60120 Troussencourt
0%
60800 Trumilly
0%
60130 Valescourt
0%
60890 Varinfroy
0%
60240 Vaudancourt
0%
60440 Versigny
0%
60360 Viefvillers
0%
60650 Villembray
0%
60650 Villers-Saint-Barthélemy
0%
60810 Villers-Saint-Frambourg-Ognon
0%
60620 Villers-Saint-Genest
0%
60860 Villers-sur-Bonnières
0%
60380 Villers-Vermont
0%
60120 Villers-Vicomte
0%
60112 Vrocourt
0%
60380 Wambez
0%
60420 Welles-Pérennes
0%
Aucun quiz correspondant
Distribution des résultats
% des personnes avec chaque résultat
Percentile par nombre de réponses
Votre historique - résultats
Vous n’avez pas pris ce quiz